000 00787nam a2200229 u 4500
005 20230519063629.0
008 090629s2006 ag r 000 0 spa d
020 _a9876010107 (10 dígitos)
020 _a9789876010108 (13 dígitos)
035 _aUPN01000171508
049 _aCG
050 4 _aLC196.5 A7
_bE3.8
245 0 0 _aEducación y vulnerabilidad :
_bexperiencias y prácticas del aula en contextos desfavorables /
_cPatricio Bolton ... [et al.] ; pról. Moacir Gadotti.
260 _aBuenos Aires :
_bStella :
_bCELADEC,
_c2006.
300 _a296 p.
440 0 _aMarandú
650 4 _aEDUCACION POPULAR -
_zARGENTINA
_914995
650 4 _aPedagogía crítica
_98121
650 4 _aEducación
_xMetodología
_912791
700 1 _aBolton, Patricio,
_ecoaut.
905 _aLibro
999 _c143613
_d143613